Loading...
Nagarjun
| Main Author: | |
|---|---|
| Format: | Printed Book |
| Published: |
Saharanpur, Aashir Prakasan
1984
|
| Subjects: |
| LEADER | 005260000a22001810004500 | ||
|---|---|---|---|
| 022 | |a 25-06-2004 | ||
| 041 | |a Hindi | ||
| 082 | |a 891.431 009 TYA/N M4 | ||
| 100 | |a Tyagi, Suresh chandra | ||
| 245 | |a Nagarjun | ||
| 260 | |a Saharanpur, Aashir Prakasan | ||
| 260 | |c 1984 | ||
| 650 | |a Criticism | ||
| 650 | |a Hindi literature | ||
| 650 | |a Poetry | ||
| 942 | |c BK | ||
| 999 | |c 145656 |d 145652 | ||
| 952 | |0 0 |1 0 |4 0 |6 891_431000000000000_009_TYA_N_M4 |7 0 |9 144429 |a SCC |b SCC |d 2017-10-11 |l 0 |o 891.431 009 TYA/N M4 |p SCC05662 |r 2017-10-11 |w 2017-10-11 |y BK | ||